Natural rubber biodegradation in soil in relation to the waste disposal of used latex products. (Registro nro. 26588)

Detalles MARC
000 -ENCABEZADO
Número de control [NR] 02318nam a22003377i 4500
001 - NÚMERO DE CONTROL
control field B-12616
003 - IDENTIFICADOR DE CONTROL NÚMERO
control field CO-BoFNCP
007 - CAMPO DESCRIPCIÓN FÍSICA FIJA - INFORMACIÓN GENERAL
fixed length control field t||
008 - DE LONGITUD FIJA DE DATOS DE ELEMENTOS - INFORMACIÓN GENERAL
Elementos de longitud fija [NR] 090930s2008 my r eng d
040 ## - FUENTE DE CATALOGACION [NR]
Agencia de catalogación original [NR] CO-BoFNCP
Idioma de catalogación [NR] Español
Quien Cataloga CO-BoFNCP
Convenciones de la descripción [NR] rda
041 ## - CODIGO DE IDIOMA [R]
Código de idioma para texto/pista de sonido o título separado [R] Inglés
043 ## - CODIGO DE AREA GEOGRAFICA [NR]
Código de área geográfica [R] my
084 ## - OTRO NUMERO DE CLASIFICACION [R]
Número clasificador [R] A-
100 1# - ASIENTO PRINCIPAL--NOMBRE PERSONAL [NR]
Nombre personal [NR] Amir Hashim, M. Y.
ID Autoridad 41392,
Término relacionador [R] autor.
Relator code aut
245 10 - MENCION DE TITULO [NR]
Título [NR] Natural rubber biodegradation in soil in relation to the waste disposal of used latex products.
264 #4 - PRODUCCIÓN, PUBLICACIÓN, DISTRIBUCIÓN, FABRICACIÓN Y COPYRIGHT
Fecha de producción, publicación, distribución, fabricación o copyright ©2008
300 ## - DESCRIPCION FISICA [R]
Extensión [R] páginas 605-616 :
Otros detalles físicos [NR] Tablas, fotografías.
336 ## - TIPO DE CONTENIDO
Término de tipo de contenido texto
Código de tipo de contenido txt
Fuente rdacontent
337 ## - TIPO DE MEDIO
Nombre/término del tipo de medio sin mediación
Código del tipo de medio n
Fuente rdamedia
338 ## - TIPO DE SOPORTE
Nombre/término del tipo de soporte volumen
Código del tipo de soporte nc
Fuente rdacarrier
504 ## - NOTA DE BIBLIOGRAFIA, ETC. [R]
Nota de bibliografía, etc. [NR] Incluye referencias bibliográficas.
520 ## - NOTA DE RESUMEN, ETC. [R]
Nota de sumario, etc. [NR] Biodegradation was studied by burying natural rubber (NR) latex gloves in tropical soils amended with nitrogen (N) and phosphorus (P), and in a composting environment created from dried grass clippings, cattle manure and soil. Manipulating soils to favour microbial growth enhanced biodegradation rate of NR glove pieces in a high soil nutrient treatment was three times higher than in the unamended controls. The synthetics, neoprene and nitrile, remained intact after 40 weeks, while ninyl showed small weight losses due to plasticiser and other additive losses. In a composting environment, biodegradation rates over a 24-week period were twice that compared to the fertilised treatment in soils, suggesting an efficient means of waste disposal. Leachates of accelerator residues from NR gloves undergoing 12-weeks burial in soil lysimeters were however not significant. Soil degradation of NR condoms were slower compared to gloves with 42 percent of their initial weights remaining after 48 weeks. In contrast, the manufactured polyurethane condoms were hardly biodegradable. The stimulating effect of nutrient application on indegenous soil microbes, the likely effects of accelerators or antioxidants, or of the interactions of modulus and thickness in affecting NR latex product degradation are discussed.
650 #0 - ASIENTO SECUNDARIO DE MATERIA - TERMINO TEMATICO [R]
Término temático o nombre geográfico como elemento de entrada [NR] Biodegradación.
9 (RLIN) 3522
650 #0 - ASIENTO SECUNDARIO DE MATERIA - TERMINO TEMATICO [R]
Término temático o nombre geográfico como elemento de entrada [NR] Caucho.
9 (RLIN) 4946
650 #0 - ASIENTO SECUNDARIO DE MATERIA - TERMINO TEMATICO [R]
Término temático o nombre geográfico como elemento de entrada [NR] Suelo.
9 (RLIN) 25722
700 1# - ASIENTO SECUNDARIO - NOMBRE PERSONAL [R]
Nombre personal [NR] Ahmad, Ikram
9 (RLIN) 41393.
773 0# - ASIENTO DEL ITEM FUENTE [R]
Asiento principal [NR] The Planter (Malasia)
Información sobre la relación [R] v. 84, no. 990 (2008), p.605-616
Número de control del registro [R] A-
Número Internacional Normalizado para Publicaciones Seriadas - ISSN [NR] 0126-575x
942 ## - ELEMENTOS DE ENTRADA AGREGADOS (KOHA)
Sistema de clasificación Local
Tipo de ítem principal el descrito en 300a Artículo
999 ## - NÚMEROS DE SISTEMAS DE CONTROL (KOHA)
Koha biblionumber 26588
999 ## - NÚMEROS DE SISTEMAS DE CONTROL (KOHA)
Registro cosechable Si
Existencias
Estado de retiro (OPAC) Perdido Sistema de clasificación Dañado No prestable Ubicación habitual Ubicación actual Fecha de creación Total préstamos Signatura topográfica Código de barras Última vez visto Ejemplar Price effective from Tipo de ítem
    Local     1 - CID Palmero Bogotá 1 - CID Palmero Bogotá 10/21/2013   A- R-12616 10/21/2013 Ej. 1 10/21/2013 Artículo